| 000 | 00905nam a2200253 a 4500 | ||
|---|---|---|---|
| 001 | 26127 | ||
| 003 | CO-ViMGA | ||
| 005 | 20230915232148.0 | ||
| 008 | 141112s2004 ck r 000 u spa d | ||
| 020 | _a9875910015 | ||
| 040 |
_aCO-ViMGA _bspa _cCO-ViMGA |
||
| 041 | _aspa | ||
| 082 | 0 | 4 | _a155.7 U71p |
| 100 | 1 |
_aUrbano, Claudio Ariel. _940791 |
|
| 245 | 1 | 0 |
_aPsicología del desarrollo : _benfoques y perspectivas del curso vital / _cClaudio Ariel Urbano, José Alberto Yuni. |
| 260 |
_aCórdoba : _bEditorial Brujas, _c2005. |
||
| 300 | _a147 p. ; 25 cm. | ||
| 504 | _aIncluye bibliografías. | ||
| 650 | 1 | 4 |
_aPsicología evolutiva. _954990 |
| 700 | 1 |
_aYuni, José Alberto. _940792 |
|
| 942 |
_2ddc _cBK |
||
| 949 | _an n | ||
| 999 |
_c33347 _d33347 |
||